Al servicio de la vida humana / (Record no. 100401)

MARC details
000 -LEADER
campo de control de longitud fija 00615nam a2200205 i 4500
001 - NÚMERO DE CONTROL
campo de control 100401
003 - IDENTIFICADOR DE NÚMERO DE CONTROL
campo de control ES-MaACL
007 - CAMPO FIJO DE DESCRIPCIÓN FÍSICA--INFORMACIÓN GENERAL
campo de control de longitud fija t|
008 - DATOS DE LONGITUD FIJA--INFORMACIÓN GENERAL
campo de control de longitud fija 050928s1953 sp ||||1| spa d
100 1# - ENTRADA PRINCIPAL--NOMBRE DE PERSONA
Nombre de persona Masci, Bernardino.
9 (RLIN) 78689
245 10 - MENCIÓN DEL TÍTULO
Título Al servicio de la vida humana /
Mención de responsabilidad, etc. Bernardino Masci; [versión española de Aleramo Spada].
250 ## - MENCION DE EDICION
Mención de edición [1ª ed.].
260 ## - PUBLICACIÓN, DISTRIBUCIÓN, ETC.
Lugar de publicación, distribución, etc. Barcelona :
Nombre del editor, distribuidor, etc. Luis de Caralt,
Fecha de publicación, distribución, etc. 1953.
300 ## - DESCRIPCIÓN FÍSICA
Extensión 367 p. ;
Dimensiones 19 cm.
490 1# - MENCIÓN DE SERIE
Mención de serie Cultura médica
700 1# - ENTRADA AGREGADA--NOMBRE PERSONAL
Nombre de persona Spada, Aleramo.
9 (RLIN) 107617
830 0# - PUNTO DE ACCESO ADICIONAL DE SERIE-TÍTULO UNIFORME
Título uniforme Cultura médica
9 (RLIN) 183701
852 ## - LOCALIZACIÓN
Ubicación ES-MaACL
Número de control de estantería C-6080
Sublocalización o colección R.34898
Holdings
Estatus retirado Estado de pérdida Estado de daño No para préstamo Biblioteca de origen Biblioteca actual Ubicación en estantería Fecha de adquisición Fuente de adquisición Total de préstamos Signatura topográfica completa Código de barras Visto por última vez Precio de reemplazo Tipo de ítem Koha
        Biblioteca del Ateneo de Madrid Biblioteca del Ateneo de Madrid Sala Palomar 17/01/2008     C-6080 1104831 23/02/2023 23/02/2023 Libro impreso